Statistics for Islands of Greece Map Quiz

Click here to take the quiz!

General Stats

  • This quiz has been taken 103 times
  • The average score is 11 of 20

Answer Stats

Answer % Correct
Crete
93%
Rhodes
85%
Corfu
78%
Euboea
75%
Lesbos
68%
Kefalonia
60%
Chíos
58%
Zakynthos
53%
Thassos
50%
Santorini
48%
Naxos
45%
Lemnos
43%
Kos
43%
Kythira
42%
Samos
40%
Lefkada
38%
Andros
37%
Skyros
37%
Karpathos
33%
Icaria
32%

Score Distribution

Percentile by Number Answered

Percent of People with Each Score

Your Score History

You have not taken this quiz